Kuchárka veselohra v 3 dejstvách

Bibliographic Details
Main Author: Sefronov, Anatolij (Author)
Other Authors: Ličková, Marta, 1926- (Translator), Krčméry-Vrteľová, Jela, 1924-2021 (Translator)
Format: Book
Language:Slovak
Russian
PhysicalDescription:77 s., not. príl., [1] s. 4°
Published: Bratislava Diliza 1961
Subjects:

MARC

LEADER 00000nam a2200000 a 4500
001 vtls008338482
003 SK-MaSNL
005 20260301182943.0
008 181128s1961 xo 000 slo
015 |a SKSNBA1961/05-00884 
035 |a SK01SNK19610030699 
035 |a SKM000033162 
040 |a SNK  |b slo  |c SNK  |e AACR2 
041 1 |a slo  |h rus 
044 |a xo  |c SK 
080 |a 882-2  |2 1981 
100 1 |a Sefronov, Anatolij  |4 aut  |9 557561 
245 1 0 |a Kuchárka  |b veselohra v 3 dejstvách  |c Anatolij Sofronov ; z rus. orig. ... prel. Marta Ličková 
260 |a Bratislava  |b Diliza  |c 1961 
300 |a 77 s., not. príl., [1] s.  |c 4° 
650 0 7 |a hry divadelné ruské  |2 SNK  |9 307157 
655 7 |a umelecká literatúra  |2 SNKPH  |9 60405 
700 1 |a Ličková, Marta,  |d 1926-  |4 trl  |9 88326 
700 1 |a Krčméry-Vrteľová, Jela,  |d 1924-2021  |4 trl  |9 107910 
852 |a Slovenská národná knižnica v Martine  |b 10000  |h SB 7600 
958 |a OND 
958 |a RM 
958 |a RK 
958 |a UP 
958 |a RU 
958 |a LX 
999 |c 855319  |d 857249 
952 |a SNK  |b SNK  |y VYP  |7 0  |p 17A0709662  |o snkSB 7600 D1  |i snkK 3928/61  |8 3  |0 0  |1 0  |4 0  |d 2011-09-28  |l 0  |r 2026-02-24 04:54:41  |w 2026-02-24